00787cam a22002291i 45000010005000000030008000050050017000130080041000300350018000710350019000890400033001080410008001410820027001491000051001762450080002272600038003073000042003455040020003876510033004076510069004407000048005094288BD-RjUL20211208233851.0131222s1954 nyuac 001 0 eng d a(BD-RjUL)4323 a(OCoLC)3565401 aDLCcDNIEdDLCdBD-RjULbeng aeng00223a306.0973bREC 19541 aRexford, Frank A.q(Frank Adison),d1876-1941.14aThe constitution of our country /cby Frank A. Rexford and Clara L. Carson. aNew York :bAmerican Book,c1954. axviii, 190 p. :bill., ports.c18 cm. aIncludes index. 0aUnited StatesxConstitution. 0aUnited StatesxPolitics and governmentvHandbooks, manuals, etc.1 aCarson, Clara Louise,d1885-ejoint author.